[Event "WinterChess masters GM/MI mayo 2013"]
[Site "Can Picafort  ESP"]
[Date "2013.05.13"]
[Round "1.2"]
[White "Arribas Lopez, Angel"]
[Black "Diaz Nuñez, Adolfo"]
[Result "1/2-1/2"]
[WhiteElo "2506"]
[BlackElo "2257"]
[PlyCount "58"]
[EventDate "2013.05.13"]
[EventType "tourn"]
[EventRounds "9"]
[EventCountry "ESP"]
[EventCategory "8"]
[Source "lmi"]
[SourceDate "2013.05.13"]

1. e4 c6 2. d4 d5 3. e5 Bf5 4. c3 e6 5. Be3 Qb6 6. Qb3 Nd7 7. Nd2 f6 8. f4 g5
9. g3 gxf4 10. gxf4 Bh6 11. Ngf3 fxe5 12. Qxb6 axb6 13. Nxe5 Ne7 14. Be2 Nxe5
15. dxe5 Kd7 16. b4 Ng6 17. Rf1 Rhf8 18. Nb3 Bh3 19. Bxb6 Bxf1 20. Nc5+ Ke7 21.
Bxf1 Bxf4 22. Nxb7 Bxe5 23. Bc5+ Kd7 24. Kd2 Rfb8 25. Na5 Bd6 26. Nb3 Rf8 27.
a4 Bxc5 28. Nxc5+ Kd6 29. Ke3 Ne7 1/2-1/2

[Event "WinterChess masters GM/MI mayo 2013"]
[Site "Can Picafort  ESP"]
[Date "2013.05.13"]
[Round "1.3"]
[White "Petkov, Vladimir"]
[Black "Arvola, Benjamin"]
[Result "1-0"]
[WhiteElo "2549"]
[BlackElo "2347"]
[PlyCount "61"]
[EventDate "2013.05.13"]
[EventType "tourn"]
[EventRounds "9"]
[EventCountry "ESP"]
[EventCategory "8"]
[Source "lmi"]
[SourceDate "2013.05.13"]

1. d4 Nf6 2. c4 e6 3. Nf3 d5 4. g3 Be7 5. Bg2 O-O 6. O-O dxc4 7. Qc2 a6 8. a4
Nbd7 9. Rd1 Rb8 10. Nc3 Nd5 11. e4 Nb4 12. Qe2 b5 13. axb5 axb5 14. d5 e5 15.
Be3 f6 16. Nxb5 Kh8 17. Na7 Nb6 18. Nd2 Ba6 19. Rxa6 Nxa6 20. Nc6 Qd7 21. Nxc4
Bc5 22. Nxb8 Rxb8 23. Nxb6 Rxb6 24. Ra1 Bxe3 25. Qxe3 h6 26. h4 Qd6 27. Qe2 Nc5
28. Ra8+ Kh7 29. Bh3 Qe7 30. Bf5+ g6 31. Bxg6+ 1-0

[Event "WinterChess masters GM/MI mayo 2013"]
[Site "Can Picafort  ESP"]
[Date "2013.05.13"]
[Round "1.4"]
[White "Mascaro March, Pedro"]
[Black "Pilgaard, Kim"]
[Result "1-0"]
[WhiteElo "2409"]
[BlackElo "2414"]
[PlyCount "59"]
[EventDate "2013.05.13"]
[EventType "tourn"]
[EventRounds "9"]
[EventCountry "ESP"]
[EventCategory "8"]
[Source "lmi"]
[SourceDate "2013.05.13"]

1. d4 Nf6 2. c4 g6 3. Nc3 d5 4. e3 Bg7 5. cxd5 Nxd5 6. Nxd5 Qxd5 7. Ne2 O-O 8.
Nc3 Qd8 9. Be2 c5 10. d5 e6 11. e4 exd5 12. exd5 b6 13. O-O Bb7 14. Bf3 Nd7 15.
d6 Bxf3 16. Qxf3 Ne5 17. Qd5 c4 18. Bf4 Nd3 19. Qxc4 Nxb2 20. Qb3 Nd3 21. Bg3
Nc5 22. Qc4 Nb7 23. Rad1 Rc8 24. Qd5 Qd7 25. Rfe1 Rfe8 26. Rxe8+ Rxe8 27. Ne4
h6 28. h3 Qa4 29. f3 Nd8 30. d7 1-0

[Event "WinterChess masters GM/MI mayo 2013"]
[Site "Can Picafort  ESP"]
[Date "2013.05.13"]
[Round "1.5"]
[White "Vishnu, Prasanna. V"]
[Black "Andersen, Mads"]
[Result "1-0"]
[WhiteElo "2480"]
[BlackElo "2483"]
[PlyCount "101"]
[EventDate "2013.05.13"]
[EventType "tourn"]
[EventRounds "9"]
[EventCountry "ESP"]
[EventCategory "8"]
[Source "lmi"]
[SourceDate "2013.05.13"]

1. e4 e5 2. Nf3 Nc6 3. d4 exd4 4. Nxd4 Nf6 5. Nxc6 bxc6 6. e5 Qe7 7. Qe2 Nd5 8.
c4 Nb6 9. Nc3 Qe6 10. Qe4 g6 11. Bd3 Bg7 12. f4 O-O 13. O-O Ba6 14. b3 d5 15.
cxd5 cxd5 16. Qe2 Bxd3 17. Qxd3 f6 18. Nb5 fxe5 19. Nxc7 Qc6 20. Nxa8 e4 21.
Qb1 Bxa1 22. Qxa1 Nxa8 23. Be3 Nc7 24. Rc1 Qd7 25. Qe5 Ne6 26. Rd1 Rd8 27. f5
gxf5 28. Qxf5 Qd6 29. Bh6 Rd7 30. h4 Ng7 31. Qg4 Qe6 32. Qg5 Qf5 33. Qg3 Qg6
34. Qb8+ Qe8 35. Qg3 Qe6 36. Qb8+ Qe8 37. Qf4 Qf7 38. Qe5 Qh5 39. Rxd5 Qxe5 40.
Rxe5 Kf7 41. Bxg7 Kxg7 42. Rxe4 Kg6 43. Re5 Rd1+ 44. Kh2 Rd4 45. Kh3 Rd3+ 46.
g3 Rd6 47. a3 a6 48. Kg4 Kh6 49. Kf5 Kh5 50. Re6 Rd5+ 51. Kf4 1-0

[Event "WinterChess masters GM/MI mayo 2013"]
[Site "Can Picafort  ESP"]
[Date "2013.05.14"]
[Round "2.1"]
[White "Arkell, Keith C"]
[Black "Andersen, Mads"]
[Result "1/2-1/2"]
[WhiteElo "2472"]
[BlackElo "2483"]
[PlyCount "65"]
[EventDate "2013.05.13"]
[EventType "tourn"]
[EventRounds "9"]
[EventCountry "ESP"]
[EventCategory "8"]
[Source "lmi"]
[SourceDate "2013.05.13"]

1. d4 d5 2. Nf3 Nf6 3. c4 c6 4. Nc3 e6 5. cxd5 exd5 6. Bg5 Be7 7. e3 Bf5 8.
Bxf6 Bxf6 9. b4 Be7 10. a3 Nd7 11. Bd3 Bxd3 12. Qxd3 a6 13. O-O O-O 14. Rab1
Nb6 15. a4 Re8 16. Rfc1 Bd6 17. Qd1 Qe7 18. Qb3 Nc4 19. Re1 b5 20. e4 dxe4 21.
Nxe4 Bc7 22. a5 Qd7 23. Nc5 Qd6 24. g3 Rxe1+ 25. Rxe1 g6 26. Ne5 Qxd4 27. Nxc6
Qd2 28. Re7 Bd6 29. Qf3 Bxe7 30. Nxe7+ Kg7 31. Qxa8 Qd1+ 32. Kg2 Ne3+ 33. fxe3
1/2-1/2

[Event "WinterChess masters GM/MI mayo 2013"]
[Site "Can Picafort  ESP"]
[Date "2013.05.14"]
[Round "2.2"]
[White "Pilgaard, Kim"]
[Black "Vishnu, Prasanna. V"]
[Result "1/2-1/2"]
[WhiteElo "2414"]
[BlackElo "2480"]
[PlyCount "147"]
[EventDate "2013.05.13"]
[EventType "tourn"]
[EventRounds "9"]
[EventCountry "ESP"]
[EventCategory "8"]
[Source "lmi"]
[SourceDate "2013.05.13"]

1. d4 Nf6 2. c4 g6 3. Nc3 Bg7 4. e4 d6 5. f3 O-O 6. Be3 Nc6 7. Nge2 a6 8. Qd2
Na5 9. b3 b5 10. Ng3 c5 11. cxb5 axb5 12. Rd1 b4 13. Na4 cxd4 14. Bxd4 Nc6 15.
Bb6 Qd7 16. Kf2 Qb7 17. Be3 Be6 18. Nb6 Ra5 19. Bc4 Ne5 20. Be2 h5 21. h4 Rb8
22. Rc1 d5 23. exd5 Nxd5 24. Nxd5 Rxd5 25. Qc2 Ra8 26. Qb1 Rda5 27. Rc2 Bd5 28.
Rhc1 Nc6 29. Rc5 Nd4 30. Rc7 Qb6 31. Rc8+ Kh7 32. Rxa8 Bxa8 33. Bc4 f5 34. Ne2
e5 35. Kf1 Qa7 36. Rc2 Qe7 37. Nxd4 exd4 38. Bg5 Qd6 39. Re2 Bd5 40. Qd3 Bxc4
41. Qxc4 d3 42. Re6 Qd5 43. Qxd5 Rxd5 44. Bd2 Bc3 45. Ke1 Rd4 46. Re7+ Kg8 47.
Rc7 Bxd2+ 48. Kxd2 Rxh4 49. Kxd3 Rh2 50. Rc2 h4 51. Kd4 Kg7 52. Ke5 Rh1 53.
Rc7+ Kh6 54. Kf6 Rd1 55. Rc4 Kh5 56. Rc8 Rd6+ 57. Ke5 Rd2 58. Kf6 Rd6+ 59. Ke5
Ra6 60. Kf4 Kh6 61. Rh8+ Kg7 62. Rxh4 Kf6 63. Kg3 Rb6 64. Rc4 g5 65. Kf2 Ke5
66. g3 Kd5 67. Ke3 Rb8 68. Kd3 Ke5 69. f4+ gxf4 70. Rxf4 Rg8 71. Rf3 Rg4 72.
Ke3 Kd5 73. Kd3 Ke5 74. Re3+ 1/2-1/2

[Event "WinterChess masters GM/MI mayo 2013"]
[Site "Can Picafort  ESP"]
[Date "2013.05.14"]
[Round "2.3"]
[White "Arvola, Benjamin"]
[Black "Mascaro March, Pedro"]
[Result "1-0"]
[WhiteElo "2347"]
[BlackElo "2409"]
[PlyCount "65"]
[EventDate "2013.05.13"]
[EventType "tourn"]
[EventRounds "9"]
[EventCountry "ESP"]
[EventCategory "8"]
[Source "lmi"]
[SourceDate "2013.05.13"]

1. e4 e5 2. Nf3 Nc6 3. Bc4 Be7 4. d4 d6 5. c3 Nf6 6. Nbd2 O-O 7. O-O exd4 8.
cxd4 d5 9. exd5 Nxd5 10. h3 Nb6 11. Bb3 Nxd4 12. Nxd4 Qxd4 13. Qe2 Qd8 14. Rd1
Bd7 15. Nf3 Bd6 16. Bg5 Qe8 17. Qd3 Bb5 18. Qd4 Ba4 19. Re1 Qb5 20. Qg4 Kh8 21.
Nd4 f5 22. Qh4 Qb4 23. a3 Qa5 24. Be6 Bd7 25. b4 Qa6 26. b5 Qa5 27. Bxd7 Nxd7
28. Ne6 Rfe8 29. Qd4 Rxe6 30. Rxe6 Qxb5 31. Rae1 Nf8 32. Rxd6 cxd6 33. Re7 1-0

[Event "WinterChess masters GM/MI mayo 2013"]
[Site "Can Picafort  ESP"]
[Date "2013.05.14"]
[Round "2.4"]
[White "Diaz Nuñez, Adolfo"]
[Black "Petkov, Vladimir"]
[Result "1/2-1/2"]
[WhiteElo "2257"]
[BlackElo "2549"]
[PlyCount "97"]
[EventDate "2013.05.13"]
[EventType "tourn"]
[EventRounds "9"]
[EventCountry "ESP"]
[EventCategory "8"]
[Source "lmi"]
[SourceDate "2013.05.13"]

1. Nf3 Nc6 2. d4 e6 3. g3 d5 4. Bg2 Nf6 5. c4 dxc4 6. Qa4 Bb4+ 7. Bd2 Nd5 8.
Bxb4 Ndxb4 9. Nc3 Bd7 10. O-O a6 11. Ne5 b5 12. Qa3 Rb8 13. Nxc6 Nxc6 14. Qc5
Ne7 15. a4 O-O 16. axb5 Bxb5 17. Nxb5 axb5 18. Ra7 Nc8 19. Rxc7 Nb6 20. Rb7
Rxb7 21. Bxb7 Nc8 22. Bxc8 Qxc8 23. Qxb5 Qc7 24. Rc1 Rc8 25. e3 h6 26. Qa4 Qb7
27. Qc2 Qd5 28. Qc3 Rb8 29. Qxc4 Qxc4 30. Rxc4 Rxb2 31. Rc8+ Kh7 32. h4 g5 33.
hxg5 hxg5 34. g4 Kg6 35. Rc6 Rd2 36. Kg2 Kf6 37. Kg3 Rd3 38. Kf3 Rd2 39. Kg3
Ke7 40. Rc7+ Kf6 41. Rd7 Kg6 42. Ra7 Kf6 43. Ra5 Kg6 44. Kf3 Kf6 45. Ra1 Kg6
46. Re1 Kf6 47. Re2 Rd1 48. Ke4 Rg1 49. f3 1/2-1/2

[Event "WinterChess masters GM/MI mayo 2013"]
[Site "Can Picafort  ESP"]
[Date "2013.05.14"]
[Round "2.5"]
[White "Petrov, Marijan"]
[Black "Arribas Lopez, Angel"]
[Result "0-1"]
[WhiteElo "2489"]
[BlackElo "2506"]
[PlyCount "88"]
[EventDate "2013.05.13"]
[EventType "tourn"]
[EventRounds "9"]
[EventCountry "ESP"]
[EventCategory "8"]
[Source "lmi"]
[SourceDate "2013.05.13"]

1. e4 c5 2. c3 d5 3. exd5 Qxd5 4. d4 Bf5 5. Be3 cxd4 6. cxd4 e6 7. Nc3 Bb4 8.
Nge2 Nf6 9. a3 Bxc3+ 10. Nxc3 Qd7 11. Bc4 Ne4 12. Nxe4 Bxe4 13. Qg4 f5 14. Qg3
Nc6 15. f3 Na5 16. Rc1 Rc8 17. fxe4 Nxc4 18. exf5 O-O 19. b3 Nxe3 20. Rxc8
Nxg2+ 21. Qxg2 Rxc8 22. O-O Qxd4+ 23. Kh1 exf5 24. Qxb7 Qe4+ 25. Qxe4 fxe4 26.
Re1 Re8 27. Kg2 Kf7 28. Kf2 Kf6 29. Rc1 Rd8 30. Ke3 Ke5 31. Rc5+ Rd5 32. Rc3 g5
33. b4 h5 34. a4 Rd3+ 35. Rxd3 exd3 36. Kxd3 Kd5 37. h3 g4 38. hxg4 hxg4 39. a5
a6 40. Ke3 Kc4 41. Kf4 Kxb4 42. Kxg4 Kxa5 43. Kf3 Kb4 44. Ke2 Kc3 0-1

[Event "WinterChess masters GM/MI mayo 2013"]
[Site "Can Picafort  ESP"]
[Date "2013.05.15"]
[Round "3.1"]
[White "Arribas Lopez, Angel"]
[Black "Arkell, Keith C"]
[Result "1/2-1/2"]
[WhiteElo "2506"]
[BlackElo "2472"]
[PlyCount "21"]
[EventDate "2013.05.13"]
[EventType "tourn"]
[EventRounds "9"]
[EventCountry "ESP"]
[EventCategory "8"]
[Source "lmi"]
[SourceDate "2013.05.13"]

1. e4 c6 2. d4 d5 3. f3 e6 4. Nc3 Bb4 5. a3 Ba5 6. Be3 dxe4 7. b4 Bb6 8. fxe4
e5 9. Nf3 exd4 10. Nxd4 Nf6 11. Bc4 1/2-1/2

[Event "WinterChess masters GM/MI mayo 2013"]
[Site "Can Picafort  ESP"]
[Date "2013.05.15"]
[Round "3.4"]
[White "Vishnu, Prasanna. V"]
[Black "Arvola, Benjamin"]
[Result "1-0"]
[WhiteElo "2480"]
[BlackElo "2347"]
[PlyCount "95"]
[EventDate "2013.05.13"]
[EventType "tourn"]
[EventRounds "9"]
[EventCountry "ESP"]
[EventCategory "8"]
[Source "lmi"]
[SourceDate "2013.05.13"]

1. c4 c5 2. Nf3 Nf6 3. Nc3 e6 4. e3 d5 5. d4 Nc6 6. a3 cxd4 7. exd4 Be7 8. c5
Ne4 9. Qc2 f5 10. Bb5 O-O 11. O-O Bd7 12. Rd1 Bf6 13. Bxc6 Bxc6 14. b4 Be8 15.
Ne1 a5 16. Rb1 axb4 17. axb4 Bh4 18. Nd3 Qf6 19. Be3 Bg5 20. Bxg5 Qxg5 21. Ne5
Ra3 22. Rd3 Qh4 23. b5 Ra8 24. f3 Nxc3 25. Qxc3 Bxb5 26. g3 Bxd3 27. gxh4 Bxb1
28. Qb2 Ba2 29. Qxb7 Bc4 30. c6 Ra1+ 31. Kf2 Ra2+ 32. Ke1 Ba6 33. Qe7 Bc8 34.
h5 Rb2 35. Nd7 Bxd7 36. cxd7 Rbb8 37. h6 gxh6 38. Kf2 Rf7 39. d8=Q+ Rxd8 40.
Qxd8+ Kg7 41. h4 f4 42. Kg2 Kg6 43. Kh3 Kf5 44. Qh8 Kg6 45. Qe5 Rf6 46. h5+ Kf7
47. Qc7+ Kg8 48. Qe7 1-0

[Event "WinterChess masters GM/MI mayo 2013"]
[Site "Can Picafort  ESP"]
[Date "2013.05.15"]
[Round "3.5"]
[White "Andersen, Mads"]
[Black "Pilgaard, Kim"]
[Result "1-0"]
[WhiteElo "2483"]
[BlackElo "2414"]
[PlyCount "73"]
[EventDate "2013.05.13"]
[EventType "tourn"]
[EventRounds "9"]
[EventCountry "ESP"]
[EventCategory "8"]
[Source "lmi"]
[SourceDate "2013.05.13"]

1. d4 Nf6 2. c4 g6 3. Nc3 d5 4. cxd5 Nxd5 5. e4 Nxc3 6. bxc3 Bg7 7. Bg5 c5 8.
Qd2 Qa5 9. Rc1 cxd4 10. cxd4 Qxd2+ 11. Kxd2 Nc6 12. d5 Na5 13. Nf3 Bd7 14. Rc7
Rc8 15. Rxc8+ Bxc8 16. Be3 b6 17. Bb5+ Bd7 18. Ba6 Bb2 19. Bd4 Bxd4 20. Nxd4 e5
21. dxe6 fxe6 22. Rc1 Rf8 23. Ke3 Kd8 24. e5 g5 25. f3 h6 26. g3 Rg8 27. Rc2
Rg7 28. f4 gxf4+ 29. gxf4 Rg1 30. f5 Re1+ 31. Be2 exf5 32. Kf2 Rh1 33. e6 Ba4
34. Nxf5 Nc6 35. Rd2+ Ke8 36. Bh5+ Kf8 37. e7+ 1-0

[Event "WinterChess masters GM/MI mayo 2013"]
[Site "Can Picafort  ESP"]
[Date "2013.05.15"]
[Round "4.1"]
[White "Arkell, Keith C"]
[Black "Pilgaard, Kim"]
[Result "0-1"]
[WhiteElo "2472"]
[BlackElo "2414"]
[PlyCount "88"]
[EventDate "2013.05.13"]
[EventType "tourn"]
[EventRounds "9"]
[EventCountry "ESP"]
[EventCategory "8"]
[Source "lmi"]
[SourceDate "2013.05.13"]

1. d4 d5 2. c4 dxc4 3. e4 e5 4. Nf3 exd4 5. Qxd4 Qxd4 6. Nxd4 Nf6 7. Nc3 Bc5 8.
Ndb5 Na6 9. Bf4 c6 10. Nd6+ Bxd6 11. Bxd6 Be6 12. e5 Nd7 13. b3 Nb6 14. Be2
O-O-O 15. Ne4 Nc7 16. Ng5 Bd5 17. O-O h6 18. Nh3 Nb5 19. Bc5 cxb3 20. axb3 Nd7
21. Be3 Nxe5 22. Bxb5 cxb5 23. Bxa7 Bxb3 24. Bb6 Rde8 25. Rfc1+ Bc4 26. Rd1 Kb8
27. Nf4 Nc6 28. Nd5 Bxd5 29. Rxd5 Re5 30. Rd7 Rc8 31. Rxf7 b4 32. Rxg7 b3 33.
Rd7 b2 34. Rb1 Nb4 35. Rdd1 Re2 36. Kf1 Rec2 37. Bd4 Nd3 38. Be3 Nxf2 39. Rd4
Ng4 40. Rxg4 Rc1+ 41. Bxc1 Rxc1+ 42. Kf2 Rxb1 43. Rb4 Kc7 44. Ke2 Rg1 0-1

[Event "WinterChess masters GM/MI mayo 2013"]
[Site "Can Picafort  ESP"]
[Date "2013.05.15"]
[Round "4.2"]
[White "Arvola, Benjamin"]
[Black "Andersen, Mads"]
[Result "1/2-1/2"]
[WhiteElo "2347"]
[BlackElo "2483"]
[PlyCount "94"]
[EventDate "2013.05.13"]
[EventType "tourn"]
[EventRounds "9"]
[EventCountry "ESP"]
[EventCategory "8"]
[Source "lmi"]
[SourceDate "2013.05.13"]

1. e4 e5 2. Nf3 Nc6 3. Bb5 Nf6 4. d3 Bc5 5. O-O d6 6. Bg5 h6 7. Bh4 g5 8. Bg3
Bg4 9. c3 O-O 10. Nbd2 Nh5 11. Kh1 a6 12. Bxc6 bxc6 13. h3 Be6 14. d4 exd4 15.
Nxd4 Nxg3+ 16. fxg3 Bxd4 17. cxd4 f5 18. Qf3 Qe8 19. d5 cxd5 20. exd5 Bd7 21.
Rac1 Rc8 22. Rc3 c5 23. Re3 Qg6 24. Re7 Rf7 25. Rxf7 Kxf7 26. g4 f4 27. g3 Bb5
28. Re1 Qd3 29. Qxd3 Bxd3 30. gxf4 gxf4 31. Ne4 Bxe4+ 32. Rxe4 Kf6 33. Kg2 c4
34. h4 Rb8 35. Re6+ Kg7 36. Rxd6 Rxb2+ 37. Kf3 c3 38. Kxf4 Rb5 39. Rd7+ Kf6 40.
g5+ hxg5+ 41. hxg5+ Kg6 42. Rd6+ Kg7 43. Rc6 Rxd5 44. Rc7+ Kg6 45. Rc6+ Kg7 46.
Rxc3 Ra5 47. a3 Kg6 1/2-1/2

[Event "WinterChess masters GM/MI mayo 2013"]
[Site "Can Picafort  ESP"]
[Date "2013.05.15"]
[Round "4.3"]
[White "Diaz Nuñez, Adolfo"]
[Black "Vishnu, Prasanna. V"]
[Result "1/2-1/2"]
[WhiteElo "2257"]
[BlackElo "2480"]
[PlyCount "39"]
[EventDate "2013.05.13"]
[EventType "tourn"]
[EventRounds "9"]
[EventCountry "ESP"]
[EventCategory "8"]
[Source "lmi"]
[SourceDate "2013.05.13"]

1. Nf3 Nf6 2. c4 g6 3. Nc3 Bg7 4. e4 d6 5. d4 O-O 6. Be2 e5 7. Be3 Ng4 8. Bg5
f6 9. Bc1 Nc6 10. d5 Nd4 11. Nxd4 exd4 12. Nb5 f5 13. O-O d3 14. Bxg4 fxg4 15.
Qxd3 Be5 16. Nd4 Qh4 17. g3 Qe7 18. Be3 Re8 19. Rfe1 a6 20. Rac1 1/2-1/2

[Event "WinterChess masters GM/MI mayo 2013"]
[Site "Can Picafort  ESP"]
[Date "2013.05.15"]
[Round "4.4"]
[White "Petrov, Marijan"]
[Black "Mascaro March, Pedro"]
[Result "1-0"]
[WhiteElo "2489"]
[BlackElo "2409"]
[PlyCount "103"]
[EventDate "2013.05.13"]
[EventType "tourn"]
[EventRounds "9"]
[EventCountry "ESP"]
[EventCategory "8"]
[Source "lmi"]
[SourceDate "2013.05.13"]

1. e4 e6 2. d4 d5 3. e5 b6 4. c3 Qd7 5. a4 a5 6. Nf3 Ba6 7. Bxa6 Nxa6 8. O-O
Ne7 9. b3 c5 10. Na3 Nc6 11. Nb5 Nc7 12. Bf4 Nxb5 13. axb5 Na7 14. c4 cxd4 15.
Nxd4 Bc5 16. Ne2 O-O-O 17. Nc3 dxc4 18. bxc4 Qxd1 19. Raxd1 Rxd1 20. Rxd1 Rd8
21. Rxd8+ Kxd8 22. Kf1 Nc8 23. Ke2 Bd4 24. Na4 f6 25. exf6 gxf6 26. g4 Kd7 27.
f3 Nd6 28. Bxd6 Kxd6 29. Kd3 Bf2 30. Ke4 Kc7 31. f4 Kd6 32. h3 Bg1 33. h4 Bf2
34. h5 Bg1 35. g5 f5+ 36. Kd3 Ke7 37. c5 bxc5 38. b6 Bh2 39. Ke3 Bg1+ 40. Kf3
c4 41. b7 Ba7 42. Nb6 c3 43. Nc8+ Kf7 44. Nxa7 c2 45. b8=Q c1=Q 46. Qb7+ Kf8
47. Qc8+ Qxc8 48. Nxc8 a4 49. Nb6 a3 50. Nd7+ Ke7 51. Nc5 a2 52. Nb3 1-0

[Event "WinterChess masters GM/MI mayo 2013"]
[Site "Can Picafort  ESP"]
[Date "2013.05.16"]
[Round "5.2"]
[White "Mascaro March, Pedro"]
[Black "Arribas Lopez, Angel"]
[Result "1-0"]
[WhiteElo "2409"]
[BlackElo "2506"]
[PlyCount "73"]
[EventDate "2013.05.13"]
[EventType "tourn"]
[EventRounds "9"]
[EventCountry "ESP"]
[EventCategory "8"]
[Source "lmi"]
[SourceDate "2013.05.13"]

1. d4 d6 2. Nf3 g6 3. c4 Bg7 4. Nc3 Bg4 5. e3 Nc6 6. Be2 e5 7. d5 Nce7 8. O-O
Nf6 9. e4 Nh5 10. Ne1 Bxe2 11. Qxe2 Nf4 12. Qf3 g5 13. g3 Nh3+ 14. Kg2 h5 15.
Qd1 Qd7 16. Nd3 g4 17. f3 Bh6 18. fxg4 hxg4 19. Qe2 Ng6 20. Rf5 O-O-O 21. Nd1
Rde8 22. N1f2 Bxc1 23. Rxc1 Nhf4+ 24. Nxf4 exf4 25. Qxg4 fxg3 26. hxg3 Kb8 27.
c5 dxc5 28. Rxc5 Rh7 29. Rc1 Qb5 30. d6 Qd7 31. dxc7+ Kc8 32. Ra5 Qxg4 33. Nxg4
Re6 34. Rxa7 Rc6 35. Rxc6 bxc6 36. Nf6 Rh8 37. Ne8 1-0

[Event "WinterChess masters GM/MI mayo 2013"]
[Site "Can Picafort  ESP"]
[Date "2013.05.16"]
[Round "5.3"]
[White "Vishnu, Prasanna. V"]
[Black "Petrov, Marijan"]
[Result "1-0"]
[WhiteElo "2480"]
[BlackElo "2489"]
[PlyCount "81"]
[EventDate "2013.05.13"]
[EventType "tourn"]
[EventRounds "9"]
[EventCountry "ESP"]
[EventCategory "8"]
[Source "lmi"]
[SourceDate "2013.05.13"]

1. e4 g6 2. d4 Bg7 3. Nc3 c6 4. f4 d5 5. e5 Nh6 6. Nf3 Bg4 7. h3 Bxf3 8. Qxf3
f6 9. g4 fxe5 10. dxe5 e6 11. h4 Nd7 12. Bd2 Qe7 13. O-O-O O-O-O 14. Bh3 Rhf8
15. Qg2 Rde8 16. Kb1 Kb8 17. Ne2 Qc5 18. g5 Nf5 19. Bxf5 exf5 20. h5 Rg8 21.
Rh3 Qb6 22. Be3 Qa6 23. Nc1 Bf8 24. hxg6 hxg6 25. Rh7 Be7 26. Rdh1 Nf8 27. Rf7
d4 28. Bd2 Qa4 29. Rf6 Bxf6 30. gxf6 Qb5 31. Nd3 Ne6 32. Bb4 g5 33. fxg5 Rxg5
34. Bd6+ Kc8 35. Qh2 Reg8 36. b3 Qb6 37. Kb2 f4 38. Nxf4 Nxf4 39. Qxf4 Rg4 40.
Qf3 Rg3 41. Qh5 1-0

[Event "WinterChess masters GM/MI mayo 2013"]
[Site "Can Picafort  ESP"]
[Date "2013.05.16"]
[Round "5.4"]
[White "Andersen, Mads"]
[Black "Diaz Nuñez, Adolfo"]
[Result "1-0"]
[WhiteElo "2483"]
[BlackElo "2257"]
[PlyCount "113"]
[EventDate "2013.05.13"]
[EventType "tourn"]
[EventRounds "9"]
[EventCountry "ESP"]
[EventCategory "8"]
[Source "lmi"]
[SourceDate "2013.05.13"]

1. c4 c6 2. Nf3 d5 3. e3 Nf6 4. Nc3 g6 5. d4 Bg7 6. Be2 O-O 7. O-O b6 8. Qc2
Bb7 9. e4 dxe4 10. Nxe4 Nxe4 11. Qxe4 Nd7 12. Bg5 Bf6 13. Rad1 Bxg5 14. Nxg5
Nf6 15. Qh4 Kg7 16. Rd3 h6 17. Nf3 Qc7 18. Re3 e6 19. c5 bxc5 20. dxc5 Qa5 21.
Ne5 Rad8 22. Rh3 Rh8 23. Rb3 Ba8 24. Nd3 Qd2 25. Nc1 Rd5 26. Qc4 Nd7 27. Nd3
Qxe2 28. Qc3+ e5 29. Nf4 Qd2 30. Nxd5 Qxd5 31. Rc1 Rd8 32. h3 Nf8 33. Re1 Qd4
34. Rxe5 Qxc3 35. Rxc3 Kf6 36. Re4 Ne6 37. Ra4 Rd7 38. b4 Ke7 39. Rca3 Bb7 40.
Rxa7 Nd4 41. Re3+ Kd8 42. a4 Ne6 43. a5 Bc8 44. Rxd7+ Kxd7 45. Rd3+ Kc7 46. g3
Ba6 47. Rd6 Bc4 48. f4 Nf8 49. Kf2 Nd7 50. Ke3 Bf1 51. h4 Nb8 52. Kd4 Bh3 53.
h5 gxh5 54. Rxh6 Na6 55. b5 Nb8 56. a6 cxb5 57. a7 1-0

[Event "WinterChess masters GM/MI mayo 2013"]
[Site "Can Picafort  ESP"]
[Date "2013.05.16"]
[Round "5.5"]
[White "Pilgaard, Kim"]
[Black "Arvola, Benjamin"]
[Result "0-1"]
[WhiteElo "2414"]
[BlackElo "2347"]
[PlyCount "50"]
[EventDate "2013.05.13"]
[EventType "tourn"]
[EventRounds "9"]
[EventCountry "ESP"]
[EventCategory "8"]
[Source "lmi"]
[SourceDate "2013.05.13"]

1. d4 Nf6 2. c4 e6 3. Nc3 Bb4 4. e3 O-O 5. Nge2 d5 6. a3 Bd6 7. Ng3 b6 8. cxd5
exd5 9. Be2 Re8 10. O-O c6 11. Bf3 Nbd7 12. Qc2 Bb7 13. e4 Bxg3 14. hxg3 dxe4
15. Nxe4 Nxe4 16. Bxe4 Nf6 17. Bf3 Qxd4 18. Rd1 Qe5 19. Bf4 Qe6 20. Rd6 Qe7 21.
Bxc6 Rac8 22. Qa4 Bxc6 23. Rxc6 Qd7 24. Rac1 Rxc6 25. Qxc6 Re1+ 0-1

[Event "WinterChess masters GM/MI mayo 2013"]
[Site "Can Picafort  ESP"]
[Date "2013.05.17"]
[Round "6.1"]
[White "Arkell, Keith C"]
[Black "Arvola, Benjamin"]
[Result "1-0"]
[WhiteElo "2472"]
[BlackElo "2347"]
[PlyCount "75"]
[EventDate "2013.05.13"]
[EventType "tourn"]
[EventRounds "9"]
[EventCountry "ESP"]
[EventCategory "8"]
[Source "lmi"]
[SourceDate "2013.05.13"]

1. d4 Nf6 2. Nf3 g6 3. c4 Bg7 4. g3 O-O 5. Bg2 c6 6. Nc3 d5 7. cxd5 Nxd5 8. O-O
Nb6 9. h3 Na6 10. e4 Be6 11. Kh2 Bc4 12. Re1 c5 13. d5 e6 14. Nd2 exd5 15. exd5
Bd3 16. Nde4 Bxe4 17. Bxe4 Re8 18. Bf3 Nc4 19. Be2 Qf6 20. Kg2 Nd6 21. Bxa6
bxa6 22. Bf4 Rad8 23. Qa4 Nb5 24. Rad1 Rxe1 25. Rxe1 Qf5 26. Qa5 Qd7 27. Rd1
Bd4 28. a4 Nd6 29. Qxa6 Nf5 30. Qc6 Qe7 31. Rd2 Bxc3 32. bxc3 Qe4+ 33. f3 Qe1
34. Rf2 Qxc3 35. d6 Qf6 36. Qxc5 Nxd6 37. Bg5 Rc8 38. Qxc8+ 1-0

[Event "WinterChess masters GM/MI mayo 2013"]
[Site "Can Picafort  ESP"]
[Date "2013.05.17"]
[Round "6.2"]
[White "Diaz Nuñez, Adolfo"]
[Black "Pilgaard, Kim"]
[Result "0-1"]
[WhiteElo "2257"]
[BlackElo "2414"]
[PlyCount "78"]
[EventDate "2013.05.13"]
[EventType "tourn"]
[EventRounds "9"]
[EventCountry "ESP"]
[EventCategory "8"]
[Source "lmi"]
[SourceDate "2013.05.13"]

1. Nf3 Nf6 2. c4 g6 3. Nc3 d5 4. cxd5 Nxd5 5. Qb3 Nb6 6. d4 Bg7 7. Bf4 Be6 8.
Qc2 Nc6 9. e4 Nb4 10. Qd1 O-O 11. a3 Na6 12. Be2 Bg4 13. Be3 Bxf3 14. gxf3 Qd7
15. h4 Rad8 16. d5 c6 17. Qb3 cxd5 18. Bxb6 axb6 19. Nxd5 e6 20. Nc3 Qc7 21.
Bxa6 bxa6 22. Ke2 b5 23. Rad1 Qf4 24. h5 Rxd1 25. Qxd1 Qc7 26. hxg6 hxg6 27.
Qb3 Rc8 28. Rc1 Bd4 29. Na2 Qb7 30. Rxc8+ Qxc8 31. Nb4 a5 32. Nd3 Qc4 33. Qxc4
bxc4 34. Ne1 a4 35. Nc2 Bxb2 36. Ne3 Bxa3 37. Nxc4 Bc5 38. Kd3 Bxf2 39. Nb2 a3
0-1

[Event "WinterChess masters GM/MI mayo 2013"]
[Site "Can Picafort  ESP"]
[Date "2013.05.17"]
[Round "6.3"]
[White "Petrov, Marijan"]
[Black "Andersen, Mads"]
[Result "1/2-1/2"]
[WhiteElo "2489"]
[BlackElo "2483"]
[PlyCount "33"]
[EventDate "2013.05.13"]
[EventType "tourn"]
[EventRounds "9"]
[EventCountry "ESP"]
[EventCategory "8"]
[Source "lmi"]
[SourceDate "2013.05.13"]

1. e4 e5 2. Nf3 Nc6 3. Bc4 Bc5 4. d3 Nf6 5. O-O O-O 6. Nc3 h6 7. Nd5 d6 8. c3
Nxd5 9. Bxd5 Ne7 10. Bb3 Ng6 11. Be3 Qf6 12. h3 Nh4 13. Ne1 Be6 14. Qe2 Ng6 15.
Kh2 Bxe3 16. fxe3 Qe7 17. g3 1/2-1/2